Thấu hiểu tâm lí trẻ để yêu con đúng cách
Đã lưu trong:
| 主要作者: | |
|---|---|
| 其他作者: | |
| 格式: | 图书 |
| 出版: |
Hà Nội
Phụ nữ
2017
|
| 主题: | |
| 标签: |
添加标签
没有标签, 成为第一个标记此记录!
|
| Thư viện lưu trữ: | Trung tâm Học liệu Lê Vũ Hùng, Trường Đại học Đồng Tháp |
|---|
| LEADER | 00824pam a22002538a 4500 | ||
|---|---|---|---|
| 001 | 00040696 | ||
| 005 | 20190326100358.0 | ||
| 008 | 161209s2014 ||||||Chisd | ||
| 020 | # | # | |a 978 604 56 4093 7 |c 79000 |
| 041 | 0 | # | |a Vie |
| 082 | 1 | 4 | |a 649 |b TH125H |
| 100 | 1 | # | |a Trương Binh |e tác giả |
| 245 | 1 | 0 | |a Thấu hiểu tâm lí trẻ để yêu con đúng cách |c Trương Binh; Hà Linh |
| 260 | # | # | |b Phụ nữ |c 2017 |a Hà Nội |
| 300 | # | # | |a 255tr. |c 24 cm. |
| 653 | # | # | |a Cha mẹ |
| 653 | # | # | |a tuổi dậy thì |
| 653 | # | # | |a chăm sóc |
| 653 | # | # | |a Giáo dục |
| 653 | # | # | |a Nuôi dạy trẻ |
| 700 | 1 | # | |e Hà Linh |a dịch |
| 852 | # | # | |j KD.0022905 |
| 910 | # | # | |d 08/01/2018 |e ltkchi |f 26/03/2019 |
| 980 | # | # | |a Trung tâm Học liệu Lê Vũ Hùng, Trường Đại học Đồng Tháp |